000 00985nam a2200217Ia 4500
003 Ost
005 20260507075026.0
008 260507s9999||||xx |||||||||||||| ||und||
040 _cfsecg
041 _aara
082 _a330
100 _aمرعي، عبد الحي
_eمؤلف
245 0 _aمقدمة في أصول المحاسبة المالية /
_c عبد الحي مرعي
260 _aالإسكندرية:
_bدار الجامعة الجديدة للنشر,
_c2003
300 _a399 صفحة؛
_bإيضاحات ؛
_c24 سم
520 _aالإطار النظري للمحاسبة المالية- الدورة المحاسبية والوظائف المبدئية للمحاسبة المالية- الإجراءات المحاسبية والنظام المحاسبي في المشروعات التجارية
653 _aالمحاسبة
653 _aالمحاسبة المالية
700 _aبدوي، محمد عباس
_eمؤلف ثانوي
942 _cكتاب
999 _c42334
_d42334